00478 2200145 4500001002100000008004100021035002000062245002000082100013800102260002900240300001500269020002200284084001600306082001000322INLIS000000000000077 ind  a0010-1223000077 aFarmakokinetika aapt. Rony Setianto, S. Si,S.E, M.Farm dan Tatiana Siska Wardani S. Farm, M. Farm dan Desy Ayu Irma Permatasari, S. Si, M. Pharm, S.Ci bPustaka Baru Pressc2021 a160 + viii a978-602-376-789-2 a615.7 RON f a615.7